000 01421naa a22002897a 4500
001 BR9403430
003 BR-BrBNA
005 20240918181210.0
007 ta
008 230509b bl.||||| |||| 00| 0 por d
040 _aBR-BrBNA
_bpor
_cBiblioteca Nacional de Agricultura
041 _a(Pt)
072 _aP06; E13
_b8961
090 _aP06 BR9403430
100 1 _aFilgueiras, G.
111 1 _a2. Congresso Nacional da Sociedade de Tecnicos Acucareiros do Brasil1. Simposio Latino-Americano sobre Modalidades de Financiamento a Producao de Energia Renovavel
_cRio de Janeiro, RJ (Brazil)
_d16-21 Aug 1981
245 1 _aO amanha da destilaria autonoma de etanol
260 3 _aRio de Janeiro, RJ (Brasil):
_c1981.
500 _aAnais do 2. Congresso Nacional da Sociedade de Tecnicos Acucareiros do Brasil e do 1. Simposio Latino-Americano sobre Modalidades de Financiamento a Producao de Energia Renovavel Rio de Janeiro, RJ (Brasil): 1981. v. 1 p. 269-282 (BR9403430-AM)P06
650 _aEtanol
650 _aDestilaria
650 _aRecurso Energetico
650 _aInvestimento
773 0 _tAnais do 2. Congresso Nacional da Sociedade de Tecnicos Acucareiros do Brasil e do 1. Simposio Latino-Americano sobre Modalidades de Financiamento a Producao de Energia Renovavel
_wP06 BR9403430
_gRio de Janeiro, RJ (Brasil), 1981. v. 1 p. 269-282
909 _a202404
_bLucia
_c55
_dLucia Elande
942 _cAM
_2AGRIS
999 _c324076
_d324076